000 00306nam a2200121Ia 4500
008 240731s9999 xx 000 0 und d
022 _a1545-6889
245 0 _aAtlantic Journal of Communication
260 _bRoutledge
856 _uhttps://www.tandfonline.com/loi/hajc20
942 _2ddc
942 _cTFEJ
999 _c75485
_d75485
945 _a1
_bMadushi Gamage
_c1
_dMadushi Gamage